00433nam a2200181Ia 4500008004100000020001800041050001400059100002500073245002800098245002500126260001500151260001600166260000900182300001500191300002700206300001000233500000800243170918s9999 xx 000 0 und d a9780590974097 bM161 1985 aMacLachlan, Patricia aSarah, plain and tall / cPatricia MacLachlan. aNew York : bScholastic, c1985 a94 pages : bcolored illustration ; c19cm. a560